书目信息 |
| 题名: |
叙利亚战争沉思录
|
|
| 作者: | 况腊生 著 | |
| 分册: | ||
| 出版信息: | 北京 人民出版社 2018 |
|
| 页数: | 302页 | |
| 开本: | 23cm | |
| 丛书名: | ||
| 单 册: | ||
| 中图分类: | K376.52 | |
| 科图分类: | ||
| 主题词: | 战争--zhan zheng--研究--叙利亚 | |
| 电子资源: | ||
| ISBN: | 978-7-01-018868-3 | |
| 000 | 01240nam0 2200277 450 | |
| 001 | 012001010471 | |
| 005 | 20131102095458.0 | |
| 010 | @a978-7-01-018868-3@dCNY56.00 | |
| 099 | @aCAL 012018048068 | |
| 100 | @a20180403d2018 em y0chiy50 ea | |
| 101 | 0 | @achi |
| 102 | @aCN@b110000 | |
| 105 | @ay z 000yy | |
| 106 | @ar | |
| 200 | 1 | @a叙利亚战争沉思录@Axu li ya zhan zheng chen si lu@e二十一世纪的“微型世界战争”@f况腊生著 |
| 210 | @a北京@c人民出版社@d2018 | |
| 215 | @a302页@d23cm | |
| 314 | @a况腊生,法学博士。国防大学政治学院西安校区法学博士后流动站研究人员。已出版著作有《乌克兰危机警示录——和平发展道路中的战争准备》《唐代军事交通法律制度研究——以驿站为例》等。 | |
| 330 | @a本书共8章,主要内容包括:内战前巴沙尔艰难维系国运;国际调解无法阻止内战的全面爆发;美俄等军事强国和上百个国家参战或介入;人类历史上首次实时直播、公开透明的战争;俄与美欧等国在战场之外的介入与较量等。 | |
| 333 | @a战争研究人员、叙利亚问题关注者及相关读者。 | |
| 517 | 1 | @a二十一世纪的“微型世界战争”@Aer shi yi shi ji de“wei xing shi jie zhan zheng” |
| 606 | 0 | @a战争@Azhan zheng@x研究@y叙利亚 |
| 690 | @aK376.52@v5 | |
| 701 | 0 | @a况腊生@Akuang la sheng@4著 |
| 801 | 2 | @aCN@b上海新华@c20191020 |
| 905 | @b1181697-700@dK376.52@e23@f4 | |
| 叙利亚战争沉思录:二十一世纪的“微型世界战争”/况腊生著.-北京:人民出版社,2018 |
| 302页;23cm |
| 使用对象:战争研究人员、叙利亚问题关注者及相关读者。 |
| ISBN 978-7-01-018868-3:CNY56.00 |
| 本书共8章,主要内容包括:内战前巴沙尔艰难维系国运;国际调解无法阻止内战的全面爆发;美俄等军事强国和上百个国家参战或介入;人类历史上首次实时直播、公开透明的战争;俄与美欧等国在战场之外的介入与较量等。 |
| ● |
| 相关链接 |
|
|
|
|
正题名:叙利亚战争沉思录
索取号:K376.52/23
 
预约/预借
| 序号 | 登录号 | 条形码 | 馆藏地/架位号 | 状态 | 备注 |
| 1 | 1181697 | 211816971 | 第二样本阅览室/ [索取号:K376.52/23] | 在馆 | |
| 2 | 1181698 | 211816980 | 第二借阅区/ [索取号:K376.52/23] | 在馆 | |
| 3 | 1181699 | 211816999 | 第二借阅区/ [索取号:K376.52/23] | 在馆 | |
| 4 | 1181700 | 211817006 | 第二借阅区/ [索取号:K376.52/23] | 在馆 |